000 00330 a2200121 4500
001 ART_47592
005 20260410161630.0
008 260409a
245 1 0 _aAjuste por inflación contable
100 1 _aPetti, Ana María
700 1 _aLanza, Heraclio Juan
773 0 _tEnfoques
_g- N°9 (sep. 2018)
_wREV416
999 _c12401
_d12401